Robbins and Cotran Pathologic Basis of Disease. (Record no. 16753)
[ view plain ]
| 000 -LEADER | |
|---|---|
| fixed length control field | 01510cam a22003614a 4500 |
| 001 - CONTROL NUMBER | |
| control field | 15189301 |
| 005 - DATE AND TIME OF LATEST TRANSACTION | |
| control field | 20090827090626.0 |
| 008 - FIXED-LENGTH DATA ELEMENTS--GENERAL INFORMATION | |
| fixed length control field | 080220s2010 paua b 001 0 eng |
| 020 ## - INTERNATIONAL STANDARD BOOK NUMBER | |
| International Standard Book Number | 1416031219 |
| 020 ## - INTERNATIONAL STANDARD BOOK NUMBER | |
| International Standard Book Number | 9781416031215 |
| 040 ## - CATALOGING SOURCE | |
| Original cataloging agency | DNLM/DLC |
| Transcribing agency | DLC |
| Modifying agency | NLM |
| -- | BTCTA |
| -- | OCLCG |
| -- | C#P |
| -- | YDXCP |
| -- | DLC |
| 042 ## - AUTHENTICATION CODE | |
| Authentication code | pcc |
| 050 00 - LIBRARY OF CONGRESS CALL NUMBER | |
| Classification number | RB111 |
| Item number | .R62 2010 |
| 082 00 - DEWEY DECIMAL CLASSIFICATION NUMBER | |
| Classification number | 616.07 |
| Edition number | 22 |
| Item number | ROB |
| 245 00 - TITLE STATEMENT | |
| Title | Robbins and Cotran Pathologic Basis of Disease. |
| 246 30 - VARYING FORM OF TITLE | |
| Title proper/short title | Pathologic basis of disease |
| 250 ## - EDITION STATEMENT | |
| Edition statement | 8th ed. / |
| Remainder of edition statement | Vinay Kumar ... [et al.] ; with illustrations by James A. Perkins. |
| 260 ## - PUBLICATION, DISTRIBUTION, ETC. (IMPRINT) | |
| Place of publication, distribution, etc | Philadelphia, PA : |
| Name of publisher, distributor, etc | Saunders/Elsevier, |
| Date of publication, distribution, etc | c2010. |
| 300 ## - PHYSICAL DESCRIPTION | |
| Extent | xiv, 1450 p. : |
| Other physical details | ill. (chiefly col.) ; |
| Dimensions | 29 cm. |
| 500 ## - GENERAL NOTE | |
| General note | "Student consult"--Cover. |
| 504 ## - BIBLIOGRAPHY, ETC. NOTE | |
| Bibliography, etc | Includes bibliographical references and index. |
| 541 ## - IMMEDIATE SOURCE OF ACQUISITION NOTE | |
| Source of acquisition | Donation from Baccah |
| 650 #0 - SUBJECT ADDED ENTRY--TOPICAL TERM | |
| Topical term or geographic name as entry element | Pathology. |
| 9 (RLIN) | 30040 |
| 650 12 - SUBJECT ADDED ENTRY--TOPICAL TERM | |
| Topical term or geographic name as entry element | Pathology. |
| 9 (RLIN) | 30041 |
| 653 ## - INDEX TERM--UNCONTROLLED | |
| Resource For college | |
| Arrived date list | June2012 |
| 700 1# - ADDED ENTRY--PERSONAL NAME | |
| Personal name | Robbins, Stanley L. |
| Fuller form of name | (Stanley Leonard), |
| Dates associated with a name | 1915- |
| 9 (RLIN) | 30042 |
| 700 1# - ADDED ENTRY--PERSONAL NAME | |
| Personal name | Kumar, Vinay, |
| Dates associated with a name | 1944- |
| 9 (RLIN) | 30043 |
| 700 1# - ADDED ENTRY--PERSONAL NAME | |
| Personal name | Cotran, Ramzi S., |
| Dates associated with a name | 1932-2000. |
| 9 (RLIN) | 30044 |
| 942 ## - ADDED ENTRY ELEMENTS (KOHA) | |
| Source of classification or shelving scheme | Dewey Decimal Classification |
| Item type | Book - Borrowing |
| Withdrawn status | Item status | Source of classification or shelving scheme | Damaged status | Not for loan | Vendor | Home library | Current library | Shelving location | Date acquired | Source of acquisition | Cost, normal purchase price | Serial Enumeration / chronology | Total Checkouts | Total Renewals | Full call number | Barcode | Date last seen | Date last borrowed | Koha item type |
|---|---|---|---|---|---|---|---|---|---|---|---|---|---|---|---|---|---|---|---|
| Dewey Decimal Classification | Donation-Gift | Central Library | Central Library | First floor | 06/06/2012 | 450.00 | 15252 | 6 | 22 | 616.07 ROB | 000026797 | 15/10/2025 | 01/10/2025 | Book - Borrowing | |||||
| Dewey Decimal Classification | Donation-Gift | Central Library | Central Library | First floor | 06/06/2012 | 450.00 | 15252 | 5 | 9 | 616.07 ROB | 000026798 | 15/07/2025 | 13/03/2019 | Book - Borrowing |